NBA calls for export ban (Record no. 66624)
[ view plain ]
| 000 -LEADER | |
|---|---|
| fixed length control field | 00739cam a2200193 4500 |
| 001 - CONTROL NUMBER | |
| control field | WB3714-46 |
| 008 - FIXED-LENGTH DATA ELEMENTS--GENERAL INFORMATION | |
| fixed length control field | 000000n2001 000 0 eng u |
| 035 ## - SYSTEM CONTROL NUMBER | |
| System control number | (Sirsi) u111815 |
| 245 ## - TITLE STATEMENT | |
| Title | NBA calls for export ban |
| 260 ## - PUBLICATION, DISTRIBUTION, ETC. | |
| Date of publication, distribution, etc. | 2001 |
| 490 ## - SERIES STATEMENT | |
| Series statement | Scotsman |
| Volume/sequential designation | 3 April 2001, 7(1) |
| 520 ## - SUMMARY, ETC. | |
| Summary, etc. | Following MAFF's confirmation of the source of foot and mouth in illegally imported meat, the National Beef Association has called on the EC to suspend meat imports from all FMD infected countries until the EU's bio-security against FMD can be properly reviewed. |
| 590 ## - LOCAL NOTE (RLIN) | |
| Local note | WB |
| 650 ## - SUBJECT ADDED ENTRY--TOPICAL TERM | |
| Topical term or geographic name entry element | FOOT-AND-MOUTH DISEASE |
| 650 ## - SUBJECT ADDED ENTRY--TOPICAL TERM | |
| Topical term or geographic name entry element | MEAT IMPORTS |
| 650 ## - SUBJECT ADDED ENTRY--TOPICAL TERM | |
| Topical term or geographic name entry element | BIO-SECURITY CONTROLS |
| 690 ## - LOCAL SUBJECT ADDED ENTRY--TOPICAL TERM (OCLC, RLIN) | |
| Topical term or geographic name as entry element | RURAL-AGRICULTURE AND FORESTRY |
| 942 ## - ADDED ENTRY ELEMENTS (KOHA) | |
| Suppress in OPAC | 0 |
| Withdrawn status | Lost status | Source of classification or shelving scheme | Damaged status | Not for loan | Home library | Current library | Shelving location | Date acquired | Total Checkouts | Full call number | Barcode | Date last seen | Copy number | Price effective from | Koha item type |
|---|---|---|---|---|---|---|---|---|---|---|---|---|---|---|---|
| Dewey Decimal Classification | London | London | News article | 04/04/2001 | WB3714-46 | 111815-1001 | 06/08/2019 | 1 | 06/08/2019 | News article |